|
|
|
|
| LEADER |
00931nam a2200229 a 4500 |
| 001 |
2519399 |
| 008 |
091109s1992 bg b 001 0 eng d |
| 010 |
|
|
|a 92901781
|
| 020 |
|
|
|a 9840511718 :
|c Tk225.00
|
| 082 |
0 |
0 |
|a 338.4/766862/095492
|2 20
|
| 100 |
1 |
|
|a Huq, M. M.
|
| 245 |
1 |
0 |
|a Fertilizer manufacture in Bangladesh /
|c M.M. Huq, K.M. Nabiul Islam.
|
| 260 |
|
|
|a Dhaka, Bangladesh :
|b University Press,
|c 1992.
|
| 300 |
|
|
|a xvi, 108 p. ;
|c 22 cm.
|
| 490 |
0 |
|
|a Choice of technology
|
| 504 |
|
|
|a Includes bibliographical references (p. [97]-105) and index.
|
| 541 |
1 |
|
|e 00008303
|
| 650 |
|
0 |
|a Fertilizer industry
|z Bangladesh.
|
| 700 |
2 |
|
|a Nabiul Islam, K. M.
|
| 852 |
4 |
|
|a Ayesha Abed Library
|j General Shelf.
|
| 999 |
|
|
|c 5281
|d 5281
|
| 952 |
|
|
|0 0
|1 0
|2 ddc
|4 0
|6 338_476686209549200_HUQ_1992
|7 0
|8 NFIC
|9 5129
|a BRACUL
|b BRACUL
|c GEN
|d 2009-11-09
|g 225.00
|l 1
|m 3
|o 338.4766862095492 HUQ
|p 3010008303
|r 2019-10-09
|s 2019-09-15
|t 1
|v 450.00
|w 2009-11-09
|y BK
|